MARC

LEADER 00000nam0a2200000 4500
001 295735
005 20231102000834.0
020 |a RU  |b 83-43804 
035 |a (RuTPU)RU\TPU\book\320824 
090 |a 295735 
100 |a 20150526d1983 k y0rusy5003 ca 
101 0 |a rus 
102 |a RU 
105 |a y z 001zy 
200 1 |a Системный подход к организации управления  |f Б. З. Мильнер, Л. И. Евенко, В. С. Рапопорт 
210 |a Москва  |c Экономика  |d 1983 
215 |a 224 с.  |c ил. 
320 |a Библиогр.: с. 220-222 
606 |a Организация управления  |x Системные методы  |x Социологические проблемы  |2 stltpush  |3 (RuTPU)RU\TPU\subj\47298  |9 66352 
610 1 |a аппарат управления 
610 1 |a организационные структуры 
610 1 |a типы 
610 1 |a формирование 
610 1 |a методы 
610 1 |a научные основы 
610 1 |a методология 
610 1 |a программно-целевые подходы 
675 |a 651.01  |v 3 
700 1 |a Мильнер  |b Б. З.  |g Бенцион Захарович 
701 1 |a Евенко  |b Л. И.  |g Леонид Иванович 
701 1 |a Рапопорт  |b В. С.  |g Владимир Самуилович 
801 0 |a RU  |b RuMRKP  |c 19950704  |g psbo 
801 1 |a RU  |b 63413507  |c 20150526 
801 2 |a RU  |b 63413507  |c 20180417  |g RCR 
942 |c BK